00975nam a22002297a 4500003000600000005001700006008004100023020001800064020001500082040000800097082001600105100002200121245007600143260005600219300002400275505027100299650002900570650005700599650001800656650004600674650002500720GBCCL20241126110713.0230221b ||||| |||| 00| 0 eng d a9781931230124 a1931230129 cGBC a261.26bMOR aMorey, Robert A.  a How the Old and New Testaments relate to each other /cRobert A. Morey aLas Vegas, NV,bChristian Scholars Press, c ©2002 a153 pages ; b22 cm aIt does make a difference The root of the problem A short history lesson The unity of the testaments Directives vs directions The diversity of the covenants Systems in collision The one or the many? Original sin, atonement and justification Is the Sabbath for today? a Bible. vNew Testament  aBible. vNew Testament Relation to the Old Testament aChristianity  aChristianity and other religions Judaism  aInterfaith relations